| 000 | 00548 a2200193 4500 | ||
|---|---|---|---|
| 001 | 61749 | ||
| 005 | 20260407155908.0 | ||
| 008 | 260407a1972 arg spa d | ||
| 003 | AR-UNSa-BCEJYS | ||
| 040 |
_aAR-UNSa-BCEJYS _bspa _cAR-UNSa-BCEJYS |
||
| 080 |
_a347.72 _xSociedades comerciales |
||
| 245 | 1 | 0 |
_aCurso de derecho societario _pParte general |
| 264 | 1 |
_aBuenos Aires : _bAbeledo Perrot _c1972 |
|
| 300 |
_a218 p. _c23 cm. |
||
| 041 | _aspa | ||
| 942 | _cBK | ||
| 590 | _aniveau_biblio:m niveau_hierar:0 | ||
| 100 | 1 | _aColombres, Gervasio R. | |
| 999 |
_c7401 _d7401 |
||